000 00793nam a2200253 c 4500
003 BLK
005 20180420215926.0
008 180413b bul|||||r ||||||| ||bul||
010 _aKNG00026893000
020 _a954-428-172-Х
_bиздат.: Хемус
040 _aBLK
080 _aНемска литература
_b821.112.2
_x-32
_z821.112.2-32
100 1 _aХесе, Херман
_eпърви автор
_9253375
139 _aХесе, Херман
_bХ 45
245 1 0 _aСидхарта
_bИнд. повест
_cХерман Хесе.
260 София
_bХемус
_c1998
300 _a135 с.
_c20 см
380 _aX
852 _aЦб 197919
856 4 _qpdf
_u
856 4 _qpdf
_u
942 _cKNG
_n0
944 _aCR
_c15.01.2003
_kВаля_Йорданова
944 _aED
_c22.03.2011
_k
999 _c24381
_d24381